000 00685nam a22002057a 4500
005 20230606022928.0
008 221229b |||||||| |||| 00| 0 eng d
020 _a978-971-07-3825-0
082 _aFil. 363.34 D321 2016
100 _aDe Guzman, Francis Ron
_eauthor
245 _aDisaster readiness and risk reduction /
_cFrancis Ron De Guzman, Denise Ann-Marie R. Suares
260 _aQuezon City:
_bVibal,
_cc2016.
300 _avi, 202p.;
_bcol. ill.
504 _aIncludes index, biography
541 _e6057 c.1, 6058 c.2
650 _aDisaster relief
650 _aEmergency management
650 _aNatural disaster
700 _aSuares, Denise Ann-Marie R.
_eauthor
999 _c471
_d471